Collab' Culture By PotiFlamby x Wabfall #1 - Statistiques

Statistiques générales
  • Ce quiz a été pris 14 fois
  • Le résultat moyen est 8 sur 20
Statistiques - réponses
Hint Réponse % Correct
De quelle ville Japonaise provient l'une des viandes les plus chères du monde ? Kobe
91%
Comment s'appelait le groupe composé de Jean-Louis Aubert et Louis Bertignac ? Téléphone
82%
À base de quelle céréale est produite la bière ? Houblon
73%
Quelle est la capitale de la Lettonie ? Riga
73%
Avec quelle technologie nucléaire espère-t-on un jour pouvoir produire suffisamment d'énergie ? Fusion nucléaire
64%
Quel port importe le plus de cocaïne en France ? Le Havre
64%
Quel est le nom du personnage principal dans le film d'animation Ratatouille ? Rémi
55%
Comment s'appelle l'adversaire de Rocky dans le film Rocky 1 ? APOLLO CREED
45%
Comment s'appelle le gardien Italien recruté par le PSG en 2021 ? Donnarumma
45%
Dans quel jeu Assassin's Creed, le héros évolue dans l'Égypte antique ? Assassin's Creed Origins
36%
Quel est la signification des initiales de la marque informatique "HP" ? Hewlett-Packard
36%
Dans Retour vers le Futur, de quelle origine sont les terroristes qui attaquent Doc ? Libyens
27%
Quel guitariste célèbre est présent dans le clip "Get Lucky" des Daft Punk ? Nile Rodgers
27%
Quel attaquant formé à Lyon s'est révélé au grand public avec Nice ? Amine Gouiri
18%
En quel concept scientifique s'est déguisé Sheldon Cooper, personnage de The Big Bang Theory ? Effet Doppler
9%
Quel CD, Orelsan a proposé en prévente au nombre de 500 en octobre 2021 ? La Quête
9%
Dans Rick & Morty, de quelle sauce de la firme McDonald, Rick est-il nostalgique ? Szechuan
9%
Comment est surnommé l'album éponyme de Metallica ? Black Album
0%
Comment s'appelle le dresseur du jeu de la 4G dans Pokemon (Diamant & Perle) ? Louka
0%
Quel est le modèle de casque audio le plus vendu par Bose ? QuietComfort 35
0%
Aucun quiz correspondant
Distribution des résultats
% des personnes avec chaque résultat
Percentile par nombre de réponses
Votre historique - résultats
Vous n’avez pas pris ce quiz